Statistics for Biggest Cities in Japan Quiz

Click here to take the quiz!

General Stats

  • This quiz has been taken 29 times
  • The average score is 10 of 20

Answer Stats

Population Answer % Correct
13,200,000Tokyo
100%
2,665,000Osaka
96%
3,689,000Yokohama
92%
1,914,000Sapporo
88%
1,474,000Kyoto
77%
1,174,000Hiroshima
77%
2,264,000Nagoya
77%
1,544,000Kobe
65%
1,046,000Sendai
50%
1,426,000Kawasaki
46%
1,222,000Saitama
35%
811,901Niigata
31%
976,846Kitakyushu
23%
800,866Hamamatsu
23%
734,474Kumamoto
23%
604,846Kagoshima
23%
709,984Okayama
19%
841,996Sakai
15%
717,544Sagamihara
15%
1,464,000Fukouka
12%

Score Distribution

Percentile by Number Answered

Percent of People with Each Score

Your Score History

You have not taken this quiz